| 000 | 00706nam a22001697a 4500 | ||
|---|---|---|---|
| 003 | MACL | ||
| 005 | 20160723124618.0 | ||
| 008 | 160723b xxu||||| |||| 00| 0 eng d | ||
| 040 | _cMACL | ||
| 041 | _aHindi | ||
| 082 | _a800 MAH | ||
| 100 |
_aदिवेदी, आचार्य महावीर प्रसाद _962698 |
||
| 245 |
_aस्त्रियों का सामाजिक जीवन एवं अन्य निबंध्ा _cआचार्य महावीर प्रसाद दिवेदी |
||
| 260 |
_aनई दिल्ली _bस्वराज प्रकाशन _c2013 |
||
| 650 |
_aरचनावली _9163 |
||
| 942 |
_2ddc _cHIN |
||
| 999 |
_c54765 _d54765 |
||